[Event "AUTO-INT-3950"]
[Site "http://www.queenalice.com/game.php?id=1865210"]
[Date "2025.11.4"]
[Round "1"]
[White "mdfran72"]
[Black "Hovis"]
[Result "0-1"]
[WhiteElo "1696"]
[BlackElo "1377"]

1. d4 Nf6 2. Nc3 d5 3. f4 e6 4. Nf3 Nc6 5. Ne5 Bd6 6. Nxc6 bxc6 7. g3 O-O 8. Bg2
Re8 9. O-O Bd7 10. e3 c5 11. Bd2 c4 12. b4 Bxb4 13. a3 Bd6 14. h4 c5 15. a4 a5
16. Nb5 Qb6 17. dxc5 Bxc5 18. Nc3 Bxe3+ 19. Bxe3 Qxe3+ 20. Kh1 Qxc3 21. Kh2 e5
22. Bxd5 Nxd5 23. Qxd5 exf4 24. gxf4 Re2+ 25. Kh1 Qh3+ 26. Kg1 Qh2# 0-1

[Event "AUTO-INT-3950"]
[Site "http://www.queenalice.com/game.php?id=1865211"]
[Date "2025.11.4"]
[Round "1"]
[White "Hovis"]
[Black "mdfran72"]
[Result "1-0"]
[WhiteElo "1424"]
[BlackElo "1667"]

1. e4 e5 2. Nc3 d6 3. Nf3 f5 4. Qe2 f4 5. b3 Nf6 6. Bb2 Nc6 7. O-O-O g6 8. h3 h5
9. Kb1 Be7 10. Qc4 Bd7 11. Ng5 Rf8 12. f3 Na5 13. Qe2 c5 14. h4 a6 15. g4 hxg4
16. Bg2 g3 17. Nd5 Nc6 18. Bh3 Bxh3 19. Rxh3 Qd7 20. Nb6 Qd8 21. Nxa8 Qxa8 22.
c3 Nd8 23. d4 cxd4 24. cxd4 Nd7 25. Rhh1 Bxg5 26. hxg5 Nf7 27. dxe5 Ndxe5 28.
Bxe5 dxe5 29. Qc4 Nxg5 30. Qc7 Nxf3 31. Qd7# 1-0

[Event "Challenge"]
[Site "http://www.queenalice.com/game.php?id=1869580"]
[Date "2026.2.21"]
[Round "-"]
[White "mdfran72"]
[Black "PRZ"]
[Result "0-1"]
[WhiteElo "1648"]
[BlackElo "1473"]

1. e4 c5 2. c4 Nc6 3. Nf3 g6 4. Nc3 e6 5. d3 Nh6 6. Bg5 f6 7. Be3 Ng4 8. h3 Nxe3
9. fxe3 Qa5 10. d4 h5 11. h4 Nb4 12. a3 Nc6 13. d5 exd5 14. exd5 Ne5 15. Nxe5
fxe5 16. e4 d6 17. Bd3 Bh6 18. O-O Qd8 19. b4 Qxh4 20. Qf3 Rf8 21. Qd1 Be3+ 22.
Rf2 Qxf2+ 23. Kh1 Qh4# 0-1

[Event "Challenge"]
[Site "http://www.queenalice.com/game.php?id=1870833"]
[Date "2026.3.24"]
[Round "-"]
[White "mdfran72"]
[Black "PRZ"]
[Result "1-0"]
[WhiteElo "1635"]
[BlackElo "1553"]

1. e4 c5 2. d4 cxd4 3. Qxd4 Nc6 4. Qd2 e6 5. Ne2 Ne5 6. f4 Qh4+ 7. Ng3 Ng4 8.
Kd1 Nxh2 9. Ne2 g6 10. g3 Nxf1 11. Rxf1 Qg4 12. Rh1 Be7 13. e5 Nh6 14. Rxh6 O-O
15. Qe1 b6 16. Qh1 d5 17. Rxh7 Bh4 18. Rxh4 1-0

[Event "Challenge"]
[Site "http://www.queenalice.com/game.php?id=1872921"]
[Date "2026.5.4"]
[Round "-"]
[White "jogo"]
[Black "mdfran72"]
[Result "0-1"]
[WhiteElo "1434"]
[BlackElo "1679"]

1. e4 g6 2. d4 Bg7 3. Nc3 e6 4. f4 Nh6 5. Nf3 O-O 6. Bd3 f5 7. e5 d6 8. exd6
cxd6 9. h3 Nc6 10. Be3 d5 11. g4 fxg4 12. hxg4 Nxg4 0-1

[Event "Challenge"]
[Site "http://www.queenalice.com/game.php?id=1873673"]
[Date "2026.5.21"]
[Round "-"]
[White "mdfran72"]
[Black "PRZ"]
[Result "1-0"]
[WhiteElo "1700"]
[BlackElo "1514"]

1. d4 g6 2. e4 Bg7 3. e5 d5 4. c4 c5 5. dxc5 Qa5+ 6. Bd2 Qxc5 7. Nf3 dxc4 8. Bc3
Nc6 9. Bd4 Nxd4 10. Qxd4 Qxd4 11. Nxd4 Bxe5 12. Nb5 Kd8 13. N1c3 a6 14. O-O-O+
Bd7 15. Na3 b5 16. Nc2 Nf6 17. g3 Bxc3 18. bxc3 Ne4 19. Bg2 f5 20. Bxe4 fxe4 21.
Rhe1 Rf8 22. Rd2 Ke8 23. Rxe4 a5 24. Rde2 Rf7 25. f4 Bf5 26. Re5 Rd8 27. Nd4 Bg4
28. R2e3 b4 29. Nb5 b3 30. axb3 cxb3 31. Kb2 Bd1 32. Nc7+ Kd7 33. Ne6 Rb8 34.
Rd3+ 1-0